| 000 | 00348 a2200145 4500 | ||
|---|---|---|---|
| 040 |
_aDLC _bDLC |
||
| 082 | _a808 | ||
| 100 | _aAslam Bazmi | ||
| 245 |
_aWinning attitudes _cAslam Bazmi |
||
| 260 |
_aIslamabad , _c2002. |
||
| 300 |
_a110 p. ; _c22 cm. |
||
| 500 | _aIncludes Index | ||
| 650 | _aEnglish literature - Essays. | ||
| 942 |
_cBK _k808 ASL _2ddc |
||
| 999 |
_c5061 _d5061 |
||